| 000 | 00602nam a2200193 4500 | ||
|---|---|---|---|
| 001 | 135896 | ||
| 003 | ES-MaACL | ||
| 005 | 20230906195001.0 | ||
| 007 | t| | ||
| 008 | 070214s1945 sp r ||||1| spa d | ||
| 100 | 1 |
_aRuiz-Crespo, Alfredo. _9100714 |
|
| 245 | 1 | 0 |
_aCisneros, Cardenal Regente _b: (paradigma de una vida) / _cAlfredo Ruiz-Crespo. |
| 260 |
_aMadrid : _bGran Capitán, _c1945. |
||
| 300 |
_a365 p., 8 lám. ; _c20 cm. |
||
| 490 | 1 | _aCol. Histórica Gran Capitán | |
| 830 | 0 |
_aCol. Histórica Gran Capitán _9219961 |
|
| 852 |
_aES-MaACL _jB-10081 _bR.21538 |
||
| 999 |
_c135896 _d135896 |
||